|
|
|
|
| LEADER |
01098nam a2200289 a 4500 |
| 001 |
2927 |
| 003 |
BD-DhAAL |
| 005 |
20150627094202.0 |
| 008 |
150627s1993 enk b 001 0 eng |
| 010 |
|
|
|a 93000729
|
| 020 |
|
|
|a 0750702028 (hardback)
|
| 020 |
|
|
|a 0750702036 (pbk.)
|
| 040 |
|
|
|a DLC
|c DLC
|d DLC
|d BD-DhAA
|
| 050 |
0 |
0 |
|a GN397.5
|b .S683 1993
|
| 082 |
0 |
0 |
|a 305.8
|2 20
|
| 245 |
0 |
0 |
|a Speaking the language of power :
|b communication, collaboration, and advocacy (translating ethnography into action) /
|c edited by David M. Fetterman.
|
| 260 |
|
|
|a London ;
|a Washington, D.C. :
|b Falmer Press,
|c 1993.
|
| 300 |
|
|
|a viii, 196 p. ;
|c 24 cm.
|
| 490 |
|
|
|a Social research and educational studies series
|
| 504 |
|
|
|a Includes bibliographical references and index.
|
| 541 |
|
|
|e 2927
|
| 650 |
|
0 |
|a Applied anthropology.
|9 12470
|
| 650 |
|
0 |
|a Ethnology
|x Research.
|9 12471
|
| 700 |
1 |
|
|a Fetterman, David M.
|9 12472
|
| 942 |
|
|
|2 ddc
|c BK
|
| 999 |
|
|
|c 34843
|d 34843
|
| 952 |
|
|
|0 0
|1 0
|2 ddc
|4 0
|6 305_800000000000000_SPE
|7 0
|9 54521
|a SCL
|b SCL
|c GEN
|d 2015-06-27
|l 0
|o 305.8 SPE
|p 3020002927
|r 2015-06-27
|t 1
|w 2015-06-27
|y BK
|